Ground cover plants (Record no. 19354)

MARC details
000 -LEADER
fixed length control field 00409nam a2200169Ia 4500
082 ## - DEWEY DECIMAL CLASSIFICATION NUMBER
Classification number 58/581
Item number WYM
100 ## - MAIN ENTRY--AUTHOR NAME
Personal name WYMAN, Donald
245 #0 - TITLE STATEMENT
Title Ground cover plants
260 ## - PUBLICATION, DISTRIBUTION, ETC. (IMPRINT)
Place of publication New York
Name of publisher Macmillan company
Year of publication 1956
650 ## - SUBJECT ADDED ENTRY--TOPICAL TERM
Topical Term Fertilizing
650 ## - SUBJECT ADDED ENTRY--TOPICAL TERM
Topical Term Ground covers
650 ## - SUBJECT ADDED ENTRY--TOPICAL TERM
Topical Term Mulching
650 ## - SUBJECT ADDED ENTRY--TOPICAL TERM
Topical Term Pruning
650 ## - SUBJECT ADDED ENTRY--TOPICAL TERM
Topical Term Rooting medium
942 ## - ADDED ENTRY ELEMENTS (KOHA)
Koha item type Books
Holdings
Withdrawn status Lost status Damaged status Not for loan Home library Current library Date acquired Full call number Accession Number Koha item type
        RRII Library RRII Library 16/12/2021 58/581 WYM 00091 Books